Ethnicity, Nationalism and Minority Rights / (Record no. 15279)
[ view plain ]
| 000 -LEADER | |
|---|---|
| fixed length control field | 01729cam a22003974a 4500 |
| 001 - CONTROL NUMBER | |
| control field | 13509977 |
| 005 - DATE AND TIME OF LATEST TRANSACTION | |
| control field | 20070725080649.0 |
| 008 - FIXED-LENGTH DATA ELEMENTS--GENERAL INFORMATION | |
| fixed length control field | 040303s2004 nyua b 001 0 eng |
| 010 ## - LIBRARY OF CONGRESS CONTROL NUMBER | |
| LC control number | 2004045703 |
| 020 ## - INTERNATIONAL STANDARD BOOK NUMBER | |
| International Standard Book Number | 052160317X |
| 020 ## - INTERNATIONAL STANDARD BOOK NUMBER | |
| International Standard Book Number | 9780521603171 |
| 040 ## - CATALOGING SOURCE | |
| Original cataloging agency | DLC |
| Transcribing agency | DLC |
| Modifying agency | DLC |
| 042 ## - AUTHENTICATION CODE | |
| Authentication code | pcc |
| 050 00 - LIBRARY OF CONGRESS CALL NUMBER | |
| Classification number | GN495.6 |
| Item number | .E8934 2004 |
| 082 00 - DEWEY DECIMAL CLASSIFICATION NUMBER | |
| Classification number | 305.8 |
| Edition number | 22 |
| Item number | ETH |
| 245 00 - TITLE STATEMENT | |
| Title | Ethnicity, Nationalism and Minority Rights / |
| Statement of responsibility, etc | Edited by Stephen May, Tariq Modood, and Judith Squires. |
| 260 ## - PUBLICATION, DISTRIBUTION, ETC. (IMPRINT) | |
| Place of publication, distribution, etc | New York : |
| Name of publisher, distributor, etc | Cambridge University Press, 2004 |
| Date of publication, distribution, etc | 2004. |
| 300 ## - PHYSICAL DESCRIPTION | |
| Extent | xi, 261 p. : |
| Other physical details | ill. ; |
| Dimensions | 24 cm. |
| 504 ## - BIBLIOGRAPHY, ETC. NOTE | |
| Bibliography, etc | Includes bibliographical references and index. |
| 650 #0 - SUBJECT ADDED ENTRY--TOPICAL TERM | |
| Topical term or geographic name as entry element | Ethnicity. |
| 9 (RLIN) | 23806 |
| 650 #0 - SUBJECT ADDED ENTRY--TOPICAL TERM | |
| Topical term or geographic name as entry element | Human rights. |
| 9 (RLIN) | 23807 |
| 650 #0 - SUBJECT ADDED ENTRY--TOPICAL TERM | |
| Topical term or geographic name as entry element | Minorities |
| General subdivision | Civil rights. |
| 9 (RLIN) | 23808 |
| 650 #0 - SUBJECT ADDED ENTRY--TOPICAL TERM | |
| Topical term or geographic name as entry element | Indigenous peoples |
| General subdivision | Civil rights. |
| 9 (RLIN) | 23809 |
| 650 #0 - SUBJECT ADDED ENTRY--TOPICAL TERM | |
| Topical term or geographic name as entry element | Nationalism. |
| 9 (RLIN) | 23810 |
| 650 #0 - SUBJECT ADDED ENTRY--TOPICAL TERM | |
| Topical term or geographic name as entry element | Self-determination, National. |
| 9 (RLIN) | 23811 |
| 653 ## - INDEX TERM--UNCONTROLLED | |
| Resource For college | |
| Arrived date list | May2011 |
| 700 1# - ADDED ENTRY--PERSONAL NAME | |
| Personal name | May, Stephen, |
| Dates associated with a name | 1962- |
| 9 (RLIN) | 23812 |
| 700 1# - ADDED ENTRY--PERSONAL NAME | |
| Personal name | Modood, Tariq. |
| 9 (RLIN) | 23813 |
| 700 1# - ADDED ENTRY--PERSONAL NAME | |
| Personal name | Squires, Judith. |
| 9 (RLIN) | 23814 |
| 856 42 - ELECTRONIC LOCATION AND ACCESS | |
| Materials specified | Publisher description |
| Uniform Resource Identifier | <a href="http://www.loc.gov/catdir/description/cam041/2004045703.html">http://www.loc.gov/catdir/description/cam041/2004045703.html</a> |
| 856 41 - ELECTRONIC LOCATION AND ACCESS | |
| Materials specified | Table of contents |
| Uniform Resource Identifier | <a href="http://www.loc.gov/catdir/toc/cam041/2004045703.html">http://www.loc.gov/catdir/toc/cam041/2004045703.html</a> |
| 856 42 - ELECTRONIC LOCATION AND ACCESS | |
| Materials specified | Contributor biographical information |
| Uniform Resource Identifier | <a href="http://www.loc.gov/catdir/enhancements/fy0733/2004045703-b.html">http://www.loc.gov/catdir/enhancements/fy0733/2004045703-b.html</a> |
| 942 ## - ADDED ENTRY ELEMENTS (KOHA) | |
| Source of classification or shelving scheme | Dewey Decimal Classification |
| Item type | Book - Borrowing |
| Withdrawn status | Item status | Source of classification or shelving scheme | Damaged status | Not for loan | Vendor | Home library | Current library | Shelving location | Date acquired | Source of acquisition | Cost, normal purchase price | Serial Enumeration / chronology | Total Checkouts | Total Renewals | Full call number | Barcode | Date last seen | Date last borrowed | Koha item type |
|---|---|---|---|---|---|---|---|---|---|---|---|---|---|---|---|---|---|---|---|
| Dewey Decimal Classification | Baccah | Central Library | Central Library | First floor | 12/05/2011 | 332.00 | 12250 | 6 | 18 | 305.8 ETH | 000023550 | 15/10/2025 | 08/10/2025 | Book - Borrowing |